Les chansons de Gradur - Mort subite - Statistiques

Statistiques générales
  • Ce quiz a été pris 121 fois
  • Le résultat moyen est 5 sur 10
Answers on the Grid
Answers color-coded by a green-red scale on the quiz's grid according to % correct below.
D'or et de platine
Congolaise
Rosa
TI TI TI
Ne reviens pas
Jamais
AVM
Terrasser
Elle était
Priez pour moi
Priez pour lui
Elle est
Terrasse
ATM
Toujours
Reviens
KI KI KI
Rosé
Sénégalaise
D'or et d'argent
 
Statistiques - réponses
Réponse % Correct
Rosa
78%
TI TI TI
62%
Terrasser
60%
Ne reviens pas
58%
D'or et de platine
52%
Priez pour moi
51%
Jamais
45%
Congolaise
44%
Elle était
26%
AVM
23%
Aucun quiz correspondant
Distribution des résultats
% des personnes avec chaque résultat
Percentile par nombre de réponses
Votre historique - résultats
Vous n’avez pas pris ce quiz